Score 0/20 Timer 02:00
0 Plays Today
TV Show Missing Girl's Name % Correct
The ___ Winfrey ShowOprah
95.8%
___ the Vampire SlayerBuffy
95.7%
___, the Teenage WitchSabrina
93.1%
___ McBealAlly
87.6%
The ___ Drew MysteriesNancy
86.8%
The ___ Tyler Moore ShowMary
86.6%
I Love ___Lucy
85.4%
Suddenly ___Susan
71.7%
I Dream of ___Jeannie
70.9%
___ PossibleKim
65.1%
TV Show Missing Girl's Name % Correct
___ Griffin: My Life on the D ListKathy
60.5%
Hope & ___Faith
56%
Nurse ___Jackie
52%
___ Explains It AllClarissa
51.9%
The ___ Duke ShowPatty
44.8%
___ & AllieKate
44.3%
___ in the CityCaroline
32.4%
___ Who?Samantha
31.1%
Gavin & ___Stacy
17.8%
___ Slept HereJennifer
4%

Today's Daily Dose

Quick Pick
Colorful Movies

Get the Picture
Dog Breeds II

Remove Ads.
Support Sporcle.
Get the best of Sporcle when you Go Orange. This ad-free experience offers more features, more stats, and more fun while also helping to support Sporcle. Thank you for becoming a member.

You're not logged in!

Compare scores with friends on all Sporcle quizzes.
OR
Log In

Show Comments

Extras

Top Quizzes Today


Score Distribution

Your Account Isn't Verified!

In order to create a playlist on Sporcle, you need to verify the email address you used during registration. Go to your Sporcle Settings to finish the process.

Report this User

Report this user for behavior that violates our Community Guidelines.

Details: